Najgęściej zaludnione miasta woj. mazowieckiego - Statystyki

Ogólne statystyki
  • Ten quiz został rozwiązany 112 razy
  • Średni wynik to 8 z 12
Statystyki odpowiedzi
Gęstość zaludnienia (os/km²) Miasto % Poprawnych
3599 Warszawa
100%
3411 Pruszków
84%
3202 Piaseczno
73%
3887 Legionowo
69%
2363 Siedlce
67%
4130 Ząbki
66%
2066 Wołomin
61%
3020 Mińsk Mazowiecki
60%
2632 Grodzisk Mazowiecki
57%
2689 Żyrardów
48%
3974 Piastów
39%
2170 Łomianki
36%
Nie znaleziono quizów pasujących do podanych kryteriów
Rozkład punktacji
Procent ludzi z każdym wynikiem
Percentyl według liczby udzielonych odpowiedzi
Twoja historia wyników
Nie rozwiązałeś tego quizu